00305nam a2200109Ia 4500008004100000082001500041100001800056245001900074260003700093630001800130650004700148211109s9999||||xx |||||||||||||| ||und|| a425bHER-B aHerzberg, Max 0aBetter English bGinn and CompanyaNew Yorkc1943 xGeneral Stack aEnglish languagevLanguage artsxGeneralia